Manmade closed ecological systems (Record no. 50260)
[ view plain ]
| 000 -LEADER | |
|---|---|
| fixed length control field | 00746nam a2200205 a 4500 |
| 008 - FIXED-LENGTH DATA ELEMENTS--GENERAL INFORMATION | |
| fixed length control field | 120416s2003 ||||||||||||||||| || u |
| 020 ## - INTERNATIONAL STANDARD BOOK NUMBER | |
| International Standard Book Number | 0415299985 |
| 050 ## - LIBRARY OF CONGRESS CALL NUMBER | |
| Classification number | QH 541.5.M27 Man |
| 100 ## - MAIN ENTRY--PERSONAL NAME | |
| Personal name | Gietlson, I. I |
| 245 10 - TITLE STATEMENT | |
| Title | Manmade closed ecological systems |
| Statement of responsibility, etc. | I.I. Gitelson [and others] |
| 260 ## - PUBLICATION, DISTRIBUTION, ETC. | |
| Place of publication, distribution, etc. | Landon: |
| Name of publisher, distributor, etc. | Taylor & Francis |
| Date of publication, distribution, etc. | 2003 |
| 300 ## - PHYSICAL DESCRIPTION | |
| Extent | x, 402p. : ill. |
| 350 ## - PRICE (NR) (BK AM CF MU VM SE) [OBSOLETE] | |
| Price | 0.00 |
| 490 ## - SERIES STATEMENT | |
| Series statement | Earth Space Institute book series |
| 650 ## - SUBJECT ADDED ENTRY--TOPICAL TERM | |
| Topical term or geographic name entry element | ECOLOGY |
| 650 ## - SUBJECT ADDED ENTRY--TOPICAL TERM | |
| Topical term or geographic name entry element | CLOSED ECOLOGICAL SYSTEMS |
| 700 ## - ADDED ENTRY--PERSONAL NAME | |
| Personal name | MacElroy, R. D. (Robert David), 1939- |
| 700 ## - ADDED ENTRY--PERSONAL NAME | |
| Personal name | Lisovsky, G. M |
| 995 ## - RECOMMENDATION 995 [LOCAL, UNIMARC FRANCE] | |
| -- | 0.00 |
| -- | CBU-MAIN LIBRARY (Kitwe) |
| -- | 1 |
| -- | 24.95 |
| -- | 1 |
| -- | AVAILABLE |
| -- | Main Library Open Access Collection |
| Withdrawn status | Lost status | Source of classification or shelving scheme | Damaged status | Not for loan | Home library | Current library | Shelving location | Date acquired | Total Checkouts | Full call number | Barcode | Date last seen | Price effective from | Koha item type |
|---|---|---|---|---|---|---|---|---|---|---|---|---|---|---|
| CBU-MAIN LIBRARY, KITWE. | CBU-MAIN LIBRARY, KITWE. | 11/30/2022 | QH 541.5.M27 Man | 38609 | 11/30/2022 | 11/30/2022 | MONOGRAPH |